| 000 | 005580000a22001930004500 | ||
|---|---|---|---|
| 020 | _a1-55883-129-0 | ||
| 041 | 0 | _aSPA | |
| 082 | 0 | 4 | _aG 261.832 S9713c |
| 100 | 1 | _aSwagman, Beth | |
| 245 | 1 | 0 | _aCómo prevenir en la iglesia el abuso sexual y el maltrato de menores / Bth Swagman |
| 260 | _aGrnd Rapids, MI., USA : Desafío | ||
| 300 | _a128 Pag | ||
| 500 | _aTítulo original : Preventing child abuse | ||
| 001 | 7028 | ||
| 942 | _cBK | ||
| 999 |
_c37265 _d37265 |
||
| 336 |
_atexto _btxt _2rdacontent |
||
| 337 |
_2rdamedia _asin mediación _bn |
||
| 338 |
_2rdacarrier _avolumen _bnc |
||